Cognitive therapy and dreams (Record no. 24734)
[ view plain ]
| 000 -LEADER | |
|---|---|
| fixed length control field | 01421nam a22003614a 4500 |
| 082 04 - DEWEY DECIMAL CLASSIFICATION NUMBER | |
| Classification number | 616.89/142 |
| 245 00 - TITLE STATEMENT | |
| Title | Cognitive therapy and dreams |
| 260 ## - PUBLICATION, DISTRIBUTION, ETC. (IMPRINT) | |
| Place of publication | New York : |
| Name of publisher | Springer Pub. Co., |
| Year of publication | c2004. |
| 300 ## - PHYSICAL DESCRIPTION | |
| Number of Pages | xvii, 199 p. |
| 500 ## - GENERAL NOTE | |
| General note | Expanded from a special issue of the Journal of cognitive psychotherapy. |
| 650 #0 - SUBJECT ADDED ENTRY--TOPICAL TERM | |
| Topical Term | Cognitive therapy. |
| Topical Term | Dreams |
| Topical Term | Dream interpretation. |
| 700 1# - ADDED ENTRY--PERSONAL NAME | |
| Personal name | Rosner, Rachael I. |
| Personal name | Lyddon, William J. |
| Personal name | Freeman, Arthur, |
| 856 40 - ELECTRONIC LOCATION AND ACCESS | |
| Uniform Resource Identifier | http://site.ebrary.com/lib/rucke/Doc?id=10265351 |
No items available.
